|
|
|
|
| LEADER |
01514nam a2200349 a 4500 |
| 001 |
29554 |
| 003 |
BD-DhAAL |
| 005 |
20220512124335.0 |
| 008 |
150803s1999 nyuab b 001 0 eng |
| 999 |
|
|
|c 35136
|d 35136
|
| 010 |
|
|
|a 2005284124
|
| 020 |
|
|
|a 0393317552 (pbk.)
|
| 020 |
|
|
|a 9780393317558
|
| 040 |
|
|
|a DLC
|c DLC
|d DLC
|d BD-DhAAL
|
| 050 |
0 |
0 |
|a HM206
|b .D48 1999
|
| 082 |
0 |
0 |
|a 303.4
|2 22
|
| 100 |
1 |
|
|a Diamond, Jared M.
|9 13470
|
| 245 |
1 |
0 |
|a Guns, germs, and steel :
|b the fates of human societies /
|c Jared Diamond ; [with a new afterword about the modern world].
|
| 260 |
|
|
|a New York :
|b Norton,
|c 1999.
|
| 300 |
|
|
|a 498 p. :
|b ill., maps ;
|c 24 cm.
|
| 504 |
|
|
|a Includes bibliographical references (pages 449-480) and index.
|
| 541 |
|
|
|a Donated By Akbar Ali Khan (38524)
|e 29554, 38524
|
| 650 |
|
0 |
|a Social evolution.
|9 9192
|
| 650 |
|
0 |
|a Civilization
|x History.
|9 13471
|
| 650 |
|
0 |
|a Ethnology.
|9 13472
|
| 650 |
|
0 |
|a Human beings
|x Effect of environment on.
|9 11474
|
| 650 |
|
0 |
|a Culture diffusion.
|9 13473
|
| 650 |
|
0 |
|a Social sciences.
|9 48367
|
| 852 |
|
|
|a Ayesha Abed Library
|c General Stacks
|
| 942 |
|
|
|2 ddc
|c BK
|0 1
|
| 952 |
|
|
|0 0
|1 0
|2 ddc
|4 0
|6 303_400000000000000_DIA
|7 0
|9 55085
|a BRACUL
|b BRACUL
|c GEN
|d 2015-08-03
|e Riza Enterprise
|g 1750.00
|l 10
|m 129
|o 303.4 DIA
|p 3010029554
|q 2026-04-19
|r 2026-01-08
|s 2026-01-08
|t 1
|w 2015-08-03
|y BK
|
| 952 |
|
|
|0 0
|1 0
|2 ddc
|4 0
|6 303_400000000000000_DIA
|7 1
|9 70601
|a BRACUL
|b BRACUL
|c CS1
|d 2022-05-12
|e Donated by Akbar Ali Khan
|l 0
|o 303.4 DIA
|p 3010038524
|r 2022-05-12
|t 2
|w 2022-05-12
|y BK
|